| 000 | 00515nam a2200193 4500 | ||
|---|---|---|---|
| 001 | 20941 | ||
| 005 | 20230410101856.0 | ||
| 008 | 060907n2003 dr spa | ||
| 020 | _a1859958087 | ||
| 035 | _9funglode21094 | ||
| 041 | _aEN | ||
| 050 | 1 | 4 | _a118 F 1934 A323d 2003 |
| 100 | _aAlaux, Jean-Pierre | ||
| 245 | 1 |
_aDominican : _bcolors and swirls / _cJean-Pierre Alaux |
|
| 260 |
_aNew York : _bParkstone Press, _c2003 |
||
| 300 | _a94 p. | ||
| 700 | _aNakache, David (photos) | ||
| 942 |
_2lcc _cbk |
||
| 999 |
_c15315 _d15315 |
||